Muslim Mind (Record no. 3049)

MARC details
000 -LEADER
fixed length control field 00568nam a2200241 a 4500
020 ## - INTERNATIONAL STANDARD BOOK NUMBER
ISBN 0582616
082 00 - DEWEY DECIMAL CLASSIFICATION NUMBER
Classification number 297.2
Author Cutter WAD
100 ## - MAIN ENTRY--AUTHOR NAME
Author name Waddy, Charis
245 ## - TITLE STATEMENT
Title Muslim Mind
260 ## - PUBLICATION, DISTRIBUTION, ETC. (IMPRINT)
Place of publication New York
Name of publisher Longman
Year of publication 1976
300 ## - PHYSICAL DESCRIPTION
Number of Pages 205p
500 ## - GENERAL NOTE
General note includes index and biblioraphy
505 2# - FORMATTED CONTENTS NOTE
Formatted contents note index, notes
650 ## - SUBJECT ADDED ENTRY--TOPICAL TERM
Topical Term Islam-Meccan Trade
942 ## - ADDED ENTRY ELEMENTS (KOHA)
Koha item type Books
700 1# -
-- Waddy, Charis
Holdings
Collection code Home library Current library Date acquired Cost, normal purchase price Full call number Accession Number Koha item type
  Henry Martyn Institute Library Henry Martyn Institute Library 07/11/2007 100.00 297.2 WAD 09065 Books
                   Copyright © 2026 | Henry Martyn Institute | Hyderabad | TS-500052 | INDIA | Implemented by hmi.edu.in
Hit-Count:

Powered by Koha